| 000 | 00396nam a22001337a 4500 | ||
|---|---|---|---|
| 005 | 20140106141138.0 | ||
| 008 | 140106b xxu||||| |||| 00| 0 eng d | ||
| 050 |
_aPR6058.A6943 _bZ87 1994 |
||
| 100 |
_aSpencer, Luke _96518 |
||
| 245 |
_aThe Poetry of Tony Harrison _cSpencer, Luke |
||
| 260 |
_aNew York _bHarvester Wheatsheaf _c1994 |
||
| 300 |
_axviii, 153p. ; _c23cm. |
||
| 942 |
_2lcc _cMONOGRAPH |
||
| 999 |
_c119514 _d119514 |
||